Responses for Show #1127 - Tuesday, June 27, 1989

Contestants

[<< previous game]

Joe Kelly Jackson, a musician originally from Lafayette, Louisiana

Betty Kayton Kerns, a vice president of finance from Santa Monica, California

Julie Dock, an editor from Torrance, California (whose 1-day cash winnings total $3,599)

[next game >>]

Jeopardy! Round responses

QUOTES
FAMOUS PAIRS
COSMETICS
VIDEO STORE
HODGEPODGE
GONE FISHIN'
    $100 12
Yasser Arafat

Julie
    $100 3
(Joe Kelly: What is Howard Johnson's?)

Baskin-Robbins

JulieJoe Kelly
    $100 26
glue

Julie
    $100 21
rewind

Julie
    $500 2
(Betty: Uh, what is a 3-D television broadcast?)
(Alex: I want you to be specific.)
(Betty: I have no idea.)
...
(Alex: [After putting on a pair of the glasses] Boy, you look weird when you're wearing this stuff, don't ya? At least I look weird.)
[Laughter]

the half time show at the Super Bowl

Betty
    $100 1
attack

Betty
    $200 13
teach

Julie
    $200 4
(Joe Kelly: What is Wile Coyote? Who?)

Bugs Bunny

JulieJoe Kelly
    $200 27
Tokyo

Joe Kelly
    $200 22
golf

Betty
    $200 17
(Joe Kelly: Um, what is the, uh, Suez?)
(Julie: What is the Panama?)
(Betty: It's gotta be [*]. Canal. What is [*]?)

the Erie Canal

JulieBettyJoe Kelly
    $200 8
spawn

Betty
    $300 14
now I lay me down to sleep

Joe Kelly
    $300 5
Mark Goodman

Joe Kelly
    $300 28
[The end-of-round signal sounds.]

remove it

Betty
    $300 23
(Alex: We've got less than a minute left in the round.)

Omar Sharif

Julie
    $300 18
sailors

Julie
    $300 9
Jonah

Joe Kelly
    $400 15
Archy and Mehitabel

Julie
    $400 6
Block

Joe Kelly
    $400 24
Mary Hartman, Mary Hartman

Joe Kelly
    $400 19
(Joe Kelly: What is a balloon?)
(Alex: Be more specific.)
(Joe Kelly: [No response])

Superman float (balloon)

BettyJoe Kelly
    $400 10
bass

Betty
    $500 16
Nathaniel Hawthorne

Joe Kelly
    $500 7
(Betty: Oh, God, the name just slipped my mind... um, Buckley!)
(Alex: I'm sorry.)
(Betty: Buckley.)

Patrick Buchanan

Betty
Triple Stumper
    $500 25
(Alex: We're left with COSMETICS.)
(Joe Kelly: My favorite.)

Tina Turner

Joe Kelly
    $500 20
Rajneesh (the Bhagwan)

Joe Kelly
    $500 11
(Alex: [*] for Sardinia.)

sardines

Joe Kelly

Scores at the first commercial break (after clue 11):

Julie Betty Joe Kelly
$300 -$300 $1,200

Scores at the end of the Jeopardy! Round:

Julie Betty Joe Kelly
$1,600 $800 $3,000

Double Jeopardy! Round responses

IRELAND
LEADING MEN
FICTION
POTENT POTABLES
SLAVERY
"FREEDOM"
    $200 20
peat

Joe Kelly
    $200 7
Spencer Tracy

Betty
    $200 2
the Scarlet Pimpernel

Julie
    $200 15
brandy

Julie
    $200 9
the Underground Railway

Julie
    $200 1
the Freedom Riders

Julie
    $400 21
(Joe Kelly: Um, who are... the Celts?)

the Vikings

Joe Kelly
Triple Stumper
    $400 10
horses

Julie
    $2,000 3
Tom Sawyer

Julie
    $400 16
Madeira

Joe Kelly
    $400 14
Spartacus

Julie
    $400 8
Cry Freedom

Joe Kelly
    $600 24
(Betty: What is Belfast?)

Ulster

Betty
Triple Stumper
    $600 11
Robert Duvall

Julie
    $600 4
Hercule Poirot

Julie
    $600 17
dry

Julie
    $2,600 25
(Alex: Less than a minute to go.)

let freedom ring

Julie
    $800 23
(Betty: Who is Conrad?)

John Millington Synge

Betty
Triple Stumper
    $800 12
Michael Caine

Julie
    $800 5
The Invisible Man

Betty
    $800 18
(Joe Kelly: What is Kahlua?)
...
(Alex: The flavor.)

coffee

JulieJoe Kelly
    $800 26
"Philadelphia Freedom"

Joe Kelly
    $1000 22
Sinn Féin

Julie
    $1000 13
Michael Keaton

Joe Kelly
    $1000 6
(Ernest) Hemingway

Julie
    $1000 19
Southern Comfort

Julie
    $1000 28
[The end-of-round signal sounds.]

Frederick Douglass

Julie
    $1000 27
(Betty: Liberty--what is liberty and justice for all?)

a new birth of freedom

Betty
Triple Stumper

Scores at the end of the Double Jeopardy! Round:

Julie Betty Joe Kelly
$15,200 -$600 $4,600
(lock game)

[wagering suggestions for these scores]

Final Jeopardy! Round responses

FOREIGN PHRASES
[Alex holds up a one dollar bill to show the seal on the back of the bill prior to revealing Julie's wager.]
Joe KellyWhat is E Pluribus, Unum
$4,500
JulieWhat is E Pluribus Unim?
$5,999
E pluribus unum

Final scores:

Julie Betty Joe Kelly
$21,199 -$600 $9,100
2-day champion: $24,798 3rd place: Casio music system + Jeopardy! box game or Jeopardy! Challenger 2nd place: Novatel cellular telephone + Olympia calculator + Jeopardy! box game or Jeopardy! Challenger

Game dynamics:

Coryat scores:

Julie Betty Joe Kelly
$11,600 -$100 $4,600
26 R
(including 2 DDs),
1 W
9 R,
5 W
(including 1 DD)
15 R,
6 W

Combined Coryat: $16,100

[game clues] [game scores] [suggest correction]

Game tape date: 1989-02-20
The J! Archive is created by fans, for fans. Scraping, republication, monetization, and malicious use prohibited; this site may use cookies and collect identifying information. See terms. The Jeopardy! game show and all elements thereof, including but not limited to copyright and trademark thereto, are the property of Jeopardy Productions, Inc. and are protected under law. This website is not affiliated with, sponsored by, or operated by Jeopardy Productions, Inc. Join the discussion at JBoard.tv.